000 00857nas a2200277 4500
001 BR2013010700
003 BR-BrBNA
005 20231205123507.0
007 ta
008 230509b bl.|||p| |||| 00| 00por d
040 _aBR-BrBNA
_bpor
_cBiblioteca Nacional de Agricultura
041 _a(Pt)
072 _aU40; K10
100 1 _aAlves, M.V.G.
100 1 _aKoehler, H.S.
100 1 _aMachado, S. do A.
100 1 _aKircner, F.F.
245 1 _aAplicação de K-Nearest neighbor em imagens multispectrais para a estimativa de parâmetros florestais
650 _aINVENTÁRIO FLORESTAL
650 _aSENSORIAMENTO REMOTO
650 _aÁREA BASAL
650 _aVOLUME
773 0 _tFloresta (Brazil)
_xISSN 0015-3826
_g(Jul-Sep 2013), v. 43(3) p. 351-362
_wBR2013010700
909 _a202311
_bLúcia
_c55
_dLúcia Elande
942 _2AGRIS
_n0
_cANA
999 _c234187
_d234187